Hovorová angličtina pre vedeckých a odborných pracovníkov
Uložené v:
| Hlavný autor: | |
|---|---|
| Ďalší autori: | , |
| Médium: | Kniha |
| Jazyk: | Slovak |
| Vydavateľské údaje: |
Bratislava
Veda
1982
|
| Tagy: |
Žiadne tagy, Buďte prvý, kto otaguje tento záznam!
|
MARC
| LEADER | 00000nam a2200000 4500 | ||
|---|---|---|---|
| 001 | c024106 | ||
| 005 | 20221220095749.4 | ||
| 041 | 0 | |a slo | |
| 044 | |a SK | ||
| 245 | 1 | 0 | |a Hovorová angličtina pre vedeckých a odborných pracovníkov |c Libuše Dušková, Vlasta Rejtharová, Libuše Bubeníková |
| 264 | 1 | |a Bratislava |b Veda |c 1982 | |
| 300 | |a 261 s. | ||
| 100 | 1 | |a Dušková, Libuše | |
| 700 | 1 | |a Rejtharová, Vlasta | |
| 700 | 1 | |a Bubeníková, Libuše | |